000 00774cam a2200289 4500
001 J1801
008 090401t1993 xxu||||| |||| 00| 0 eng d
035 _a(Sirsi) u45541
041 _aeng
050 _a694.01
100 _aBerry, R.W.
245 _aTimber in tropical building.
260 _aGarston, Watford
_bBuilding Research Establishment
_c1993
300 _a11p. : ill. ; 30cm.
350 _a3
490 _aMinistry of Overseas Development Overseas Building Note
_v199
650 _aDAMPNESS
650 _aFUNGI
650 _aHOT CLIMATES
650 _aINSECT DAMAGE
650 _aTROPICAL BUILDING
650 _aWOOD TREATMENT
690 _aBUILT ENVIRONMENT
710 _aBuilding Research Establishment
942 _n0
948 _c04/03/1997
999 _c91756
_d91756